[Event "Go-Makkah Chess Festival 2020"]
[Site "Djerba"]
[Date "2020.02.23"]
[Round "9.5"]
[White "Oussedik, Mahfoud"]
[Black "Gagunashvili, Merab"]
[Result "0-1"]
[WhiteElo "2423"]
[BlackElo "2580"]
[Annotator "TA"]
[PlyCount "121"]
[EventDate "2020.02.16"]
[EventType "swiss"]
[EventCountry "TUN"]
[SourceTitle "playchess.com"]
[Source "ChessBase"]
[SourceQuality "1"]

{[%evp 23,121,0,36,-9,-12,-76,-43,-154,-140,-116,0,-154,0,-122,-59,-253,-251,-234,-256,-306,-246,-252,-259,-256,-226,-231,-160,-156,-166,-249,-177,-155,-142,-179,-168,-202,-123,-120,-119,-130,-122,-132,-130,-143,-92,-97,-8,-28,0,0,0,-8,-8,-18,0,0,0,-142,-139,-141,-161,-167,-139,-228,-228,-242,-214,-334,-346,-331,-182,-195,-185,-174,-22,-257,-29,-30,0,-36,-57,-388,-354,-767,-706,-848,-827,-824,-800,-983,-1042,-1321,-1276,-1295,-1284,-1198,-1190,-1319,-1233,-2177]} 1. d4 Nf6 2. c4 c5 3. d5 e6 4. Nc3 exd5 5. cxd5 d6 6. e4 g6 7. Nf3 Bg7 8. Nd2 O-O 9. Be2 a6 10. a4 Nbd7 11. O-O Re8 12. f4 Rb8 (12... c4 $5) 13. g4 {A69: Modern Benoni: Four Pawns Attack with 9...Re8.} h6 14. h4 (14. Kh1 $11) 14... Nh7 {[#]} (14... b5 $5 15. axb5 axb5 $15) 15. Nf3 $146 (15. Kg2 $15) ({Predecessor:} 15. Qe1 Ndf8 16. Qg3 Bd7 17. Bd3 b5 18. axb5 axb5 19. Nf3 b4 20. Nd1 Nf6 21. Nf2 Bb5 22. Bxb5 Rxb5 23. Re1 {½-½ (34) Lexa,V (2558)-Sott,P (2138) Klatovy 1999}) 15... Ndf6 $17 16. Nd2 Nd7 17. Nf3 Ndf6 18. Nd2 h5 (18... b5 $17 19. axb5 axb5) 19. gxh5 $2 ({White must play} 19. g5 $15 Ng4 20. Nc4) 19... Nxh5 $19 20. Bxh5 Qxh4 {[#] ( -> ...Bd4+)} ({Inferior is} 20... gxh5 21. Qxh5 Nf6 22. Qg5 $11) ({Don't take} 20... Bd4+ 21. Kg2) 21. Qf3 gxh5 22. Kg2 Bg4 23. Qg3 Qxg3+ 24. Kxg3 b5 25. axb5 axb5 26. Nd1 (26. Re1 $142) 26... Ra8 27. Rxa8 Rxa8 28. Ne3 Bd7 29. Rh1 Nf6 30. e5 dxe5 31. fxe5 {[#]} Ng4 $1 {[%cal Rg4e3]} 32. Nxg4 Bxg4 ({Don't do} 32... hxg4 33. Rh5 $11) 33. Nf3 Rd8 ({Black should play} 33... Ra1 34. Rg1 Ra4) 34. d6 $17 Ra8 (34... f6 $17 35. exf6 Bxf6) 35. Bf4 Ra2 36. Rd1 Bd7 37. e6 fxe6 38. Be5 Bf8 39. Kh4 Kf7 40. Ng5+ (40. Kxh5 $11 Bc6 41. Ng5+ Ke8 42. Rf1) 40... Kg6 41. Nf3 Ra4+ 42. Kh3 Bh6 43. Nh4+ (43. Re1 $17) 43... Kg5 44. Nf3+ Kf5 45. Bg3 (45. Bc3 {keeps fighting.}) 45... Bf4 $19 46. Re1 Bxg3 (46... Ra6 $142 47. Nh4+ Kf6 48. Bxf4 e5+ {[%mdl 64] Discovered Attack} 49. Kg3 exf4+ 50. Kxf4 Rxd6) 47. Kxg3 {[%mdl 4096] Endgame KRB-KRN} Rg4+ 48. Kf2 {intending Re5+.} Re4 $2 (48... Kf6 $19 49. Ne5 Rg7) 49. Ra1 $2 (49. Rg1 $1 $11 {and White stays safe.}) 49... Rb4 $2 (49... Rf4 $19 {Threatens to win with ...Bc6.} 50. Ke3 Bc6) 50. Ra7 $1 $11 {[%cal Ra7d7]} Rxb2+ 51. Kg3 (51. Ke3 $5 {[%cal Ra7d7]}) 51... Bc6 {And now ...Rb3 would win.} 52. Rf7+ $2 {[%mdl 8192]} (52. d7 $1 $15 Bxd7 53. Rxd7) 52... Ke4 $19 53. Ng5+ $2 (53. d7 Bxd7 54. Ng5+ Ke3 55. Rxd7) 53... Ke5 {Black is clearly winning.} 54. d7 Rg2+ 55. Kh4 Rd2 56. Re7 Bxd7 57. Kxh5 Rh2+ 58. Kg4 Kd6 59. Rg7 Bc6 60. Nf7+ Kd5 {Hoping for ...Rg2+.} 61. Rg5+ {Accuracy: White = 43%, Black = 55%.} 0-1